[Event "London Classic FIDE Open"]
[Site "London ENG"]
[Date "2011.12.04"]
[Round "2"]
[White "Rutten, David"]
[Black "Martyn, Rafe"]
[Result "0-1"]
[BlackTitle "FM"]
[WhiteElo "1861"]
[BlackElo "2249"]
[WhiteFideId "1001604"]
[BlackFideId "409626"]
[EventDate "2011.12.03"]

1. d4 Nf6 2. c4 e6 3. Nf3 b6 4. g3 Ba6 5. b3 Bb7 6. Bg2 Bb4+ 7. Bd2 a5 8. Nc3
O-O 9. a3 Bxc3 10. Bxc3 d6 11. O-O Nbd7 12. Re1 Qb8 13. Nd2 Bxg2 14. Kxg2 Re8
15. e4 e5 16. d5 b5 17. Qe2 bxc4 18. bxc4 Nc5 19. Reb1 Qc8 20. a4 c6 21. f3 cxd5
22. exd5 Qf5 23. Nb3 Rab8 24. Qd1 Nxb3 25. Rxb3 Rxb3 26. Qxb3 Qd3 27. Re1 h5 28.
Kf2 Rc8 29. Re3 Qxc4 30. Qxc4 Rxc4 31. Bxa5 Rxa4 32. Bd8 Ra2+ 33. Kg1 Rd2 34. f4
Nxd5 35. Re4 f6 36. Ba5 Ra2 37. Bd8 Ra8 0-1

[Event "London Classic FIDE Open"]
[Site "London ENG"]
[Date "2011.12.04"]
[Round "2"]
[White "Tortorella, Giancarlo"]
[Black "Osborne, Marcus E"]
[Result "1/2-1/2"]
[WhiteElo "1766"]
[BlackElo "2246"]
[WhiteFideId "824909"]
[BlackFideId "404608"]
[EventDate "2011.12.03"]

1. e4 e6 2. d3 d5 3. Nd2 c5 4. g3 Nc6 5. Bg2 g6 6. Ngf3 Bg7 7. O-O Nge7 8. Re1
O-O 9. h4 h6 10. Nf1 dxe4 11. dxe4 Qxd1 12. Rxd1 Nd4 13. c3 Ne2+ 14. Kh2 Nxc1
15. Raxc1 b6 16. Ne3 h5 17. Rd6 Bh6 18. Rcd1 Bxe3 19. fxe3 Ba6 20. Ng5 Bb5 21.
b3 Rac8 22. c4 Bc6 23. Bh3 Rc7 24. Bxe6 fxe6 25. Nxe6 Rb7 26. Nxf8 Kxf8 27. Rf1+
Kg7 28. Rf4 b5 29. cxb5 Bxb5 30. Rff6 Bd7 31. Kg1 a5 32. Rf2 Bc6 33. Rc2 Bxe4
34. Rxc5 a4 35. Rd4 axb3 36. axb3 Bf5 37. b4 Ra7 38. Ra5 Rc7 39. Rc5 Ra7 40. Ra5
Rb7 41. Rc5 Ra7 42. Ra5 1/2-1/2

[Event "London Classic FIDE Open"]
[Site "London ENG"]
[Date "2011.12.04"]
[Round "2"]
[White "Amier, Hamzah B. Mohd Zuhri"]
[Black "Perez, Flavio"]
[Result "0-1"]
[WhiteTitle "CM"]
[WhiteElo "1745"]
[BlackElo "2245"]
[WhiteFideId "5704588"]
[BlackFideId "623911"]
[EventDate "2011.12.03"]

1. d4 Nf6 2. c4 e6 3. Nc3 c5 4. Nf3 cxd4 5. Nxd4 a6 6. e4 Qc7 7. Be2 Nc6 8. Be3
Bb4 9. Qc2 Ne5 10. Bf4 Nf3+ 11. Bxf3 Qxf4 12. O-O h5 13. Rfe1 Ng4 14. g3 Qf6 15.
Rad1 Bc5 16. Bxg4 hxg4 17. Nb3 Ba7 18. Qd2 Qe5 19. Qe2 Qh5 20. h4 gxh3 21. Qxh5
Rxh5 22. e5 b5 23. c5 h2+ 24. Kg2 Bb7+ 25. f3 O-O-O 26. Rh1 Rdh8 27. Rde1 f6 28.
exf6 gxf6 29. Ne4 Bxe4 30. fxe4 Bb8 31. Nd4 Rg5 32. Ne2 Rxc5 33. Rxh2 Rg8 34.
Rh3 Be5 35. b4 0-1

[Event "London Classic FIDE Open"]
[Site "London ENG"]
[Date "2011.12.04"]
[Round "2"]
[White "Eames, Robert S"]
[Black "Kalerwa, Edwin M"]
[Result "1-0"]
[WhiteTitle "FM"]
[WhiteElo "2241"]
[BlackElo "1728"]
[WhiteFideId "408743"]
[BlackFideId "422223"]
[EventDate "2011.12.03"]

1. e4 d5 2. exd5 Nf6 3. d4 Nxd5 4. Nf3 Bg4 5. h3 Bh5 6. g4 Bg6 7. Ne5 Nd7 8.
Nxg6 hxg6 9. Bg2 c6 10. O-O Qc7 11. Qf3 e6 12. c4 N5f6 13. Nc3 Be7 14. Re1 Kf8
15. g5 Nh7 16. h4 Kg8 17. d5 Ne5 18. Qe4 f6 19. f4 exd5 20. cxd5 Bc5+ 21. Be3
Bxe3+ 22. Rxe3 Nf7 23. dxc6 f5 24. cxb7 Rd8 25. Qe7 Rd7 26. Qxd7 Qxf4 27. Re8+
Nf8 28. Rxf8+ Kxf8 29. Qc8+ Ke7 30. Nd5+ 1-0

[Event "London Classic FIDE Open"]
[Site "London ENG"]
[Date "2011.12.04"]
[Round "2"]
[White "Sigurdsson, Birkir Karl"]
[Black "Stone, Andrew M"]
[Result "1/2-1/2"]
[WhiteElo "1649"]
[BlackElo "2234"]
[WhiteFideId "2304180"]
[BlackFideId "404985"]
[EventDate "2011.12.03"]

1. Nf3 Nf6 2. g3 b5 3. Bg2 Bb7 4. O-O e6 5. b3 Be7 6. Bb2 O-O 7. c4 b4 8. d4 a5
9. Nbd2 c5 10. e3 Na6 11. Qe2 d5 12. Rfd1 Qb6 13. Rac1 Rfd8 14. Ne5 Nc7 15. Ng4
Ne4 16. cxd5 exd5 17. Nxe4 dxe4 18. Ne5 f6 19. Nc4 Qe6 20. Qc2 Rdc8 21. dxc5 Nb5
22. Qe2 Bxc5 23. Qh5 f5 24. Qg5 Bf8 25. h4 Rc5 1/2-1/2

[Event "London Classic FIDE Open"]
[Site "London ENG"]
[Date "2011.12.04"]
[Round "2"]
[White "Compton, Alistair"]
[Black "Cox, John J"]
[Result "1/2-1/2"]
[BlackTitle "IM"]
[WhiteElo "2024"]
[BlackElo "2423"]
[WhiteFideId "4300645"]
[BlackFideId "401064"]
[EventDate "2011.12.03"]

1. e4 e6 2. d4 d5 3. Nc3 Bb4 4. e5 c5 5. a3 Bxc3+ 6. bxc3 Qc7 7. Qg4 f5 8. exf6
Nxf6 9. Qg3 Qxg3 10. hxg3 Nc6 11. Nf3 Bd7 12. Bf4 O-O-O 13. a4 Ne4 14. Ra3 h6
15. Ne5 Rhf8 16. f3 Nf6 17. Nxc6 Bxc6 18. Bb5 Be8 19. Be5 c4 20. Bxe8 Rdxe8 21.
Ke2 Kd7 22. g4 Kc6 23. Rb1 Rf7 24. Rh1 Nd7 25. Rh5 Nxe5 26. Rxe5 Kd6 27. Ra1 Rc8
28. Re1 g5 29. Kd2 Rf6 30. Kc1 Rc6 31. Kb2 Ra6 32. Ra1 Ke7 33. Rae1 Kf7 34. Ra1
Rg6 35. Ka3 b5 36. Kb4 Rxa4+ 37. Rxa4 bxa4 38. Re1 Rg8 39. Rh1 Rb8+ 40. Kxa4 Rb2
41. Rxh6 Rxc2 42. Kb4 Rxg2 43. Rh7+ Kg6 44. Rxa7 Rf2 45. Ra8 Rxf3 46. Rg8+ Kh6
47. Re8 Re3 48. Kc5 Kg7 49. Kd6 Rxc3 50. Re7+ Kf8 51. Rxe6 Rc1 52. Kxd5 c3 53.
Rc6 c2 54. Rc7 Ke8 55. Rc6 Kd7 56. Rc5 Ke7 57. Rc7+ Kf6 1/2-1/2

[Event "London Classic FIDE Open"]
[Site "London ENG"]
[Date "2011.12.04"]
[Round "2"]
[White "Hayward, Alan"]
[Black "Arkell, Keith C"]
[Result "0-1"]
[BlackTitle "GM"]
[WhiteElo "1984"]
[BlackElo "2418"]
[WhiteFideId "415936"]
[BlackFideId "400270"]
[EventDate "2011.12.03"]

1. d4 Nf6 2. Nc3 d5 3. Bg5 Nbd7 4. Nf3 g6 5. e3 Bg7 6. Bd3 c6 7. O-O O-O 8. a4
a5 9. Re1 Re8 10. e4 dxe4 11. Nxe4 Nxe4 12. Rxe4 c5 13. Bb5 cxd4 14. Qe2 f6 15.
Nxd4 e5 16. Qc4+ Kh8 17. Ne6 Rxe6 18. Qxe6 Nc5 19. Qc4 Nxe4 20. Qxe4 fxg5 21. h3 0-1

[Event "London Classic FIDE Open"]
[Site "London ENG"]
[Date "2011.12.04"]
[Round "2"]
[White "Stoma, Pawel"]
[Black "Lee, Kai Jie Edward"]
[Result "0-1"]
[WhiteElo "2316"]
[BlackElo "2003"]
[WhiteFideId "1113569"]
[BlackFideId "5802920"]
[EventDate "2011.12.03"]

1. e4 e5 2. Nf3 Nf6 3. d3 Nc6 4. Be2 d5 5. Nbd2 Be7 6. O-O O-O 7. Re1 h6 8. c3
Be6 9. b4 a6 10. Bf1 Qd7 11. Bb2 Rad8 12. a3 d4 13. cxd4 exd4 14. Qc2 g5 15. Nb3
Bxb3 16. Qxb3 Ng4 17. Rac1 Qe6 18. Qxe6 fxe6 19. Be2 Nxf2 20. Rxc6 bxc6 21. Ne5
Bf6 22. Nxc6 Rd6 23. e5 Rxc6 24. exf6 e5 25. Kxf2 Rc2 26. Ba1 Ra2 27. Kf3 Rxf6+
28. Ke4 Rf2 29. Bf3 g4 30. Bd1 Kg7 31. Bb3 Rae2+ 32. Rxe2 Rxe2+ 33. Kf5 Re1 34.
Bxd4 exd4 35. Bc4 Ra1 36. Bxa6 Rxa3 37. Bc4 Rc3 38. Kxg4 Rc2 39. Kf3 Kf6 40. h4
Ke5 41. g4 Rh2 42. h5 Rh3+ 43. Kg2 Re3 0-1

[Event "London Classic FIDE Open"]
[Site "London ENG"]
[Date "2011.12.04"]
[Round "2"]
[White "Coleman, David J"]
[Black "Fransson, Angelina"]
[Result "0-1"]
[WhiteTitle "CM"]
[WhiteElo "2244"]
[BlackElo "1940"]
[WhiteFideId "402087"]
[BlackFideId "1712632"]
[EventDate "2011.12.03"]

1. e4 c5 2. Nf3 d6 3. d4 cxd4 4. Nxd4 Nf6 5. Nc3 e6 6. Be2 Be7 7. O-O O-O 8. Be3
Nc6 9. f4 Bd7 10. Nb3 a6 11. a4 b6 12. Bf3 Qc7 13. Qe2 Bc8 14. Rad1 Bb7 15. g4
Rfe8 16. g5 Nd7 17. Qg2 Bf8 18. Rd2 Nc5 19. Qf2 Rac8 20. Qh4 Ne7 21. Nxc5 bxc5
22. Bg2 d5 23. Rf3 d4 24. Rh3 h6 25. gxh6 Ng6 26. Qh5 dxe3 27. hxg7 Bxg7 28.
Qh7+ Kf8 29. f5 exd2 30. fxg6 Qf4 31. Bf3 Red8 32. gxf7 d1=Q+ 33. Nxd1 Rxd1+ 34.
Bxd1 Bd4+ 35. Re3 Bxe3+ 0-1

[Event "London Classic FIDE Open"]
[Site "London ENG"]
[Date "2011.12.04"]
[Round "2"]
[White "Herda, Christoph"]
[Black "Rendboe, John"]
[Result "1/2-1/2"]
[BlackTitle "FM"]
[WhiteElo "1908"]
[BlackElo "2242"]
[WhiteFideId "24623369"]
[BlackFideId "1403664"]
[EventDate "2011.12.03"]

1. Nc3 c5 2. e4 Nc6 3. g3 g6 4. Bg2 Bg7 5. d3 d6 6. Be3 e6 7. Qd2 Qa5 8. Nd1
Qxd2+ 9. Bxd2 Nge7 10. c3 b6 11. Ne2 Ba6 12. Nc1 Rd8 13. f4 O-O 14. O-O f5 15.
Re1 e5 16. exf5 gxf5 17. Rb1 Bh6 18. b4 cxb4 19. cxb4 Nd4 20. Bc3 Ng6 21. Bxd4
exd4 22. b5 Bc8 23. Nb3 Bg7 24. Rc1 Bd7 25. a4 Rc8 26. Bd5+ Kh8 27. Nb2 Rc3 28.
Rxc3 dxc3 29. Nc4 Rf6 30. d4 Bf8 31. Re3 Ne7 32. Bf3 c2 33. Kf2 Be6 34. Rc3 Nd5
35. Bxd5 Bxd5 36. Rxc2 Re6 37. Nbd2 Re7 38. Rc3 Kg8 39. Nf3 Kf7 40. Ncd2 Bg7 41.
Rc8 1/2-1/2

[Event "London Classic FIDE Open"]
[Site "London ENG"]
[Date "2011.12.04"]
[Round "2"]
[White "Jakobsen, Alf Gjoran"]
[Black "Anderton, Matthew N"]
[Result "1/2-1/2"]
[WhiteElo "1861"]
[BlackElo "2227"]
[WhiteFideId "1508008"]
[BlackFideId "403237"]
[EventDate "2011.12.03"]

1. d4 Nf6 2. c4 e6 3. Nc3 Bb4 4. Qc2 c5 5. dxc5 Na6 6. Nf3 Nxc5 7. Bd2 O-O 8. g3
b6 9. Bg2 Bb7 10. O-O a6 11. a3 Bxc3 12. Bxc3 Rc8 13. Ng5 g6 14. b4 Bxg2 15.
Kxg2 Nb7 16. Ne4 Ne8 17. Qd3 d5 18. Qd4 f6 19. cxd5 Qxd5 20. f3 Qxd4 21. Bxd4 b5
22. Rac1 Rd8 23. Bc5 Rf7 24. Rfd1 Rfd7 25. Rxd7 Rxd7 26. Be3 Kf7 27. Nc5 Nxc5
28. Rxc5 Rc7 29. Kf2 1/2-1/2

[Event "London Classic FIDE Open"]
[Site "London ENG"]
[Date "2011.12.04"]
[Round "2"]
[White "Homolka, Vincent"]
[Black "Gant, Chris J"]
[Result "0-1"]
[BlackTitle "FM"]
[WhiteElo "1859"]
[BlackElo "2194"]
[WhiteFideId "423033"]
[BlackFideId "403946"]
[EventDate "2011.12.03"]

1. e4 c5 2. d3 Nc6 3. g3 g6 4. Bg2 Bg7 5. f4 d6 6. Nf3 e6 7. O-O Nge7 8. c3 O-O
9. Be3 b6 10. Na3 Bb7 11. Nc2 Qd7 12. Qd2 Rac8 13. d4 Na5 14. dxc5 Nc4 15. Qc1
Bxe4 16. cxd6 Qxd6 17. Ncd4 Nf5 18. Nxf5 exf5 19. Bd4 Bxd4+ 20. Nxd4 Bxg2 21.
Kxg2 Rfe8 22. Rf3 Qd5 23. Kg1 Re4 24. Rf2 Rce8 25. Qd1 Ne3 26. Qf3 Qc5 27. Re1
Nc4 28. Rfe2 Nd6 29. Kg2 Rxe2+ 30. Rxe2 Rxe2+ 31. Nxe2 Ne4 32. Nd4 Qc4 33. a3
Qd5 34. Kg1 Kg7 35. Qe2 Nc5 36. Qg2 Qe4 37. Qe2 Na4 38. Kf2 Qxe2+ 39. Kxe2 Nxb2
40. Nc6 a5 41. Ne5 f6 42. Nd7 Nc4 43. a4 Kf7 44. Kd3 Nb2+ 45. Kc2 Nxa4 46. Kb3
Ke7 47. Nxf6 Nc5+ 0-1

[Event "London Classic FIDE Open"]
[Site "London ENG"]
[Date "2011.12.04"]
[Round "2"]
[White "Miu, Marinel"]
[Black "Smith, Andrew Philip"]
[Result "0-1"]
[BlackTitle "FM"]
[WhiteElo "1609"]
[BlackElo "2167"]
[WhiteFideId "1220691"]
[BlackFideId "2500833"]
[EventDate "2011.12.03"]

1. e3 g6 2. c4 c5 3. Nf3 Bg7 4. d4 cxd4 5. exd4 Nf6 6. Bd3 O-O 7. O-O d5 8. Qb3
dxc4 9. Bxc4 Nc6 10. Qa4 Nd5 11. Bxd5 Qxd5 12. Nc3 Qh5 13. Ne2 Bg4 14. Ng3 Qd5
15. Ne5 Nxe5 16. dxe5 Bd7 17. Qb4 Bc6 18. f3 Qxe5 19. Re1 Qd4+ 20. Qxd4 Bxd4+
21. Kh1 e6 22. Rb1 Rad8 23. Ne2 Bf2 24. Rf1 Bh4 25. Nc3 Rd3 26. Bf4 Rfd8 27.
Rbd1 Bf6 28. Rxd3 Rxd3 29. Rd1 Rxd1+ 30. Nxd1 Bd4 31. Be3 e5 32. Bxd4 exd4 33.
Kg1 f5 34. f4 Bd5 35. a3 Kf7 36. Kf1 Ke6 37. Nf2 Kd6 38. Nd3 Bc4 39. Ke2 Kd5 40.
Kd2 Ke4 41. Ne5 Bf1 42. g3 g5 43. Nf7 gxf4 44. Ng5+ Kd5 45. gxf4 h6 46. Nf7 h5
47. Ng5 h4 48. Ke1 Bg2 49. Kd2 Kc4 50. Ne6 Bd5 51. b3+ Kxb3 52. Nxd4+ Kxa3 53.
Nb5+ Kb4 54. Nd6 Be4 55. Ke3 Kc5 56. Nxe4+ fxe4 57. Kxe4 Kd6 58. Kf5 Ke7 59. Kg6
Kf8 0-1

[Event "London Classic FIDE Open"]
[Site "London ENG"]
[Date "2011.12.04"]
[Round "2"]
[White "Cetens, Edward"]
[Black "Whitehead, David J"]
[Result "1-0"]
[WhiteElo "1708"]
[BlackElo "2079"]
[WhiteFideId "360465"]
[BlackFideId "406813"]
[EventDate "2011.12.03"]

1. d4 e6 2. Nf3 f5 3. c4 Nf6 4. Nc3 d6 5. Qc2 Nc6 6. e4 e5 7. exf5 Nxd4 8. Nxd4
exd4 9. Nd5 c6 10. Nxf6+ Qxf6 11. Qe4+ Qe5 12. Bd3 Be7 13. O-O Qxe4 14. Bxe4 O-O
15. Re1 Bf6 16. g4 h6 17. Kg2 Bd7 18. Kg3 Be8 19. h4 Bf7 20. g5 hxg5 21. hxg5
Bd8 22. b3 d5 23. cxd5 Bxd5 24. Bxd5+ cxd5 25. Kg4 Ba5 26. Re5 Bc3 27. Rb1 Rfe8
28. Bf4 Rac8 29. Rd1 Rxe5 30. Bxe5 d3 31. Bxc3 Rxc3 32. f3 Kf7 33. Kf4 Ke7 34.
Ke5 d2 35. Rxd2 Rxf3 36. Rxd5 Rf2 37. Ra5 Re2+ 38. Kf4 Rf2+ 39. Kg3 Rd2 40. Rxa7
Rd7 41. Kf4 Kd6 42. Ra5 Rf7 43. Rb5 Kc6 44. a4 Kd6 45. g6 Rc7 46. Kg5 Ke7 47.
Rb6 Rc1 48. Rxb7+ Kd6 49. Rxg7 Ke5 50. Re7+ 1-0

[Event "London Classic FIDE Open"]
[Site "London ENG"]
[Date "2011.12.04"]
[Round "2"]
[White "Svaralova, Monika"]
[Black "Haddock, Paul"]
[Result "1-0"]
[WhiteElo "2025"]
[BlackElo "1695"]
[WhiteFideId "14927420"]
[BlackFideId "419150"]
[EventDate "2011.12.03"]

1. d4 Nf6 2. Bg5 e6 3. e4 Be7 4. Nd2 d5 5. e5 Nfd7 6. Bxe7 Qxe7 7. c3 b6 8. Bd3
Ba6 9. Bxa6 Nxa6 10. Ne2 c5 11. O-O O-O 12. f4 f6 13. exf6 Nxf6 14. a3 Nb8 15.
Nf3 Nbd7 16. Ng3 Rae8 17. Qe2 h6 18. Rae1 Qf7 19. Qa6 Nb8 20. Qd3 Nh5 21. Ne5
Nxf4 22. Qe3 Nxg2 23. Kxg2 Qe7 24. Nh5 Rf5 25. Rxf5 exf5 26. Qf3 Qd6 27. Qxf5
Rf8 28. Qg6 Qxg6+ 29. Nxg6 Rd8 30. Re7 Rd7 31. Rxd7 Nxd7 32. Ne7+ Kf7 33. Nxd5
cxd4 34. cxd4 g5 35. Kf3 Ke6 36. Nc3 Kf5 37. Ng3+ Ke6 38. Nge4 Ke7 39. Kg4 Kf7
40. Kf5 a6 41. Nd5 Kg7 42. Ke6 Nf8+ 43. Kd6 Ng6 44. Nxb6 1-0

[Event "London Classic FIDE Open"]
[Site "London ENG"]
[Date "2011.12.04"]
[Round "2"]
[White "Smith, Axel"]
[Black "Tart, Peter K"]
[Result "1-0"]
[WhiteTitle "IM"]
[WhiteElo "2480"]
[BlackElo "1944"]
[WhiteFideId "1707930"]
[BlackFideId "471070"]
[EventDate "2011.12.03"]

1. g3 g6 2. Bg2 Bg7 3. d4 c5 4. c3 Qa5 5. d5 d6 6. e4 b5 7. Nf3 Nd7 8. O-O Ngf6
9. Re1 Bb7 10. e5 Nxd5 11. e6 fxe6 12. Ng5 O-O 13. Nxe6 N7f6 14. Nxf8 Rxf8 15.
Bg5 Qc7 16. Nd2 h6 17. Bxf6 Nxf6 18. Qb3+ Kh7 19. Qxb5 Bxg2 20. Kxg2 Rb8 21.
Rxe7 Qd8 22. Rb7 Rxb7 23. Qxb7 Qe8 24. Nf3 Qe2 25. Re1 Qc4 26. Re7 Nh5 27. Qxa7
Qg4 28. Rf7 Qe4 29. Qe7 d5 30. Qxe4 dxe4 31. Nd2 Kg8 32. Rc7 1-0

[Event "London Classic FIDE Open"]
[Site "London ENG"]
[Date "2011.12.04"]
[Round "2"]
[White "Farrand, Tom"]
[Black "Pleininger, Rudolf"]
[Result "1/2-1/2"]
[WhiteElo "2265"]
[BlackElo "1939"]
[WhiteFideId "406457"]
[BlackFideId "1305999"]
[EventDate "2011.12.03"]

1. e4 c5 2. Nc3 Nc6 3. f4 g6 4. Nf3 Bg7 5. Bb5 Nd4 6. O-O Nxb5 7. Nxb5 d5 8.
exd5 a6 9. Nc3 Nf6 10. d4 Nxd5 11. dxc5 Nxc3 12. Qxd8+ Kxd8 13. bxc3 Bxc3 14.
Rb1 Kc7 15. Rb3 Bg7 16. Bd2 a5 17. Rfb1 Rd8 18. Rb5 Kc6 19. Bxa5 Rd1+ 20. Rxd1
Kxb5 21. Bd8 Bf6 22. Ne5 Rxa2 23. Nd7 Ra1 24. c4+ Kb4 25. Rxa1 Bxa1 26. Bxe7
Bd4+ 27. Kf1 Kc3 28. Ne5 Be6 29. c6 bxc6 30. Nxc6 1/2-1/2

[Event "London Classic FIDE Open"]
[Site "London ENG"]
[Date "2011.12.04"]
[Round "2"]
[White "Vlcek, Marek"]
[Black "Farrell, Neil"]
[Result "0-1"]
[WhiteElo "1935"]
[BlackElo "2181"]
[WhiteFideId "327611"]
[BlackFideId "2400588"]
[EventDate "2011.12.03"]

1. d4 Nf6 2. Nf3 e6 3. e3 c5 4. c3 Nc6 5. Bd3 d5 6. Nbd2 Bd6 7. O-O Qc7 8. dxc5
Bxc5 9. e4 O-O 10. Qe2 Ne5 11. Nxe5 Qxe5 12. Nf3 Qh5 13. e5 Nd7 14. c4 dxc4 15.
Bxc4 Nb6 16. Bd3 Bd7 17. Be4 Nd5 18. h3 Bc6 19. g4 Qxh3 20. Ng5 Qg3+ 21. Kh1 Nf4
22. Bxf4 Qxf4 23. Bxc6 bxc6 24. Nh3 Qh6 25. Kg2 Rad8 26. Rad1 Qh4 27. Rh1 Rxd1
28. Qxd1 Rd8 29. Qe2 Rd4 30. f3 Qd8 31. Kg3 h6 32. Qc2 Qd5 33. Re1 Rd2 34. Qc3
Rd3 35. Nf4 Qxf3+ 0-1

[Event "London Classic FIDE Open"]
[Site "London ENG"]
[Date "2011.12.04"]
[Round "2"]
[White "Murray, David"]
[Black "Cohen, Ronnie"]
[Result "1-0"]
[WhiteElo "2133"]
[BlackElo "1930"]
[WhiteFideId "2501511"]
[BlackFideId "412082"]
[EventDate "2011.12.03"]

1. e4 c6 2. d4 d5 3. e5 e6 4. Nf3 c5 5. c3 Nc6 6. Bd3 Qb6 7. O-O cxd4 8. cxd4
Bd7 9. Nc3 Nxd4 10. Nxd4 Qxd4 11. Nb5 Qxe5 12. g3 Bxb5 13. Bxb5+ Kd8 14. Bf4
Qxb2 15. Rb1 Qa3 16. Qd4 Nf6 17. Rfc1 Rc8 18. Rxc8+ Kxc8 19. Rb3 Bc5 20. Rc3 Kd8
21. Rxc5 b6 22. Rc3 Qa5 23. Qe5 Ne4 24. Qc7# 1-0

[Event "London Classic FIDE Open"]
[Site "London ENG"]
[Date "2011.12.04"]
[Round "2"]
[White "Knecht, Guntram"]
[Black "Bala kannamma.P"]
[Result "1-0"]
[WhiteElo "2123"]
[BlackElo "1927"]
[WhiteFideId "1609831"]
[BlackFideId "5081432"]
[EventDate "2011.12.03"]

1. f4 d5 2. Nf3 c5 3. g3 Nf6 4. Bg2 g6 5. O-O Bg7 6. d3 O-O 7. c3 b6 8. Na3 Bb7
9. Rb1 Nbd7 10. b4 Rc8 11. bxc5 Nxc5 12. Bd2 Re8 13. h3 h5 14. Nb5 a6 15. Nbd4
e6 16. Ne5 Nfd7 17. Ndf3 b5 18. Qe1 Qc7 19. g4 hxg4 20. hxg4 Na4 21. Rc1 Nxe5
22. fxe5 Bxe5 23. Qh4 Bg7 24. Ng5 Qb6+ 25. d4 Rc7 26. Qh7+ Kf8 27. Qxg6 Ree7 28.
Nh7+ Kg8 29. Nf6+ Kf8 30. Nh5 Bxd4+ 31. cxd4 Qxd4+ 32. Kh1 Rxc1 33. Bxc1 Ke8 34.
Nf6+ Kd8 35. Qg8+ Kc7 36. Qf8 Qc5 37. Bf4+ Kc6 38. Rc1 Nc3 39. Be5 b4 40. Ng8
Rd7 41. Qxc5+ Kxc5 42. Bxc3 bxc3 43. Rxc3+ Kd4 44. Nf6 Re7 45. Rb3 Ke5 46. Ng8
Rc7 47. Kh2 Kf4 48. Nf6 Kg5 49. Ne8 Rd7 50. Kg3 Bc6 51. Rb6 Bb5 52. Bf1 Bc4 53.
a4 a5 54. Nd6 Rc7 55. Nb7 Ba2 56. Nxa5 Rc3+ 57. Kf2 Kxg4 58. Nc6 Ra3 59. a5 Bc4
60. Ne5+ Kf5 61. Nxc4 dxc4 62. a6 c3 63. Ke3 Ke5 64. Bg2 Ra2 65. Bb7 c2 66. Rb5+
Kd6 67. Kd2 f5 68. Rb3 Kc7 69. Rc3+ Kb8 70. Rxc2 Ra5 71. Rc8+ Ka7 72. Rd8 e5 73.
Rd5 Ra2+ 74. Ke1 1-0

[Event "London Classic FIDE Open"]
[Site "London ENG"]
[Date "2011.12.04"]
[Round "2"]
[White "Torner Planell, Jordi"]
[Black "Mikalsen, Erlend"]
[Result "0-1"]
[WhiteElo "1917"]
[BlackElo "2063"]
[WhiteFideId "2285126"]
[BlackFideId "1507338"]
[EventDate "2011.12.03"]

1. d4 Nf6 2. g3 e6 3. Bg2 d5 4. Nf3 b5 5. O-O Bb7 6. Nbd2 Nbd7 7. a4 a6 8. Nb3
c6 9. Bd2 Ne4 10. Ba5 Qb8 11. Nfd2 Nd6 12. Bb4 Qc7 13. Nc5 a5 14. Nxd7 Qxd7 15.
Bc5 h5 16. e4 h4 17. e5 Nf5 18. Bxf8 Kxf8 19. Nb3 hxg3 20. hxg3 b4 21. Qg4 Rh6
22. Bf3 Qc7 23. Nc5 Ke7 24. Rfe1 Rg6 25. Qf4 Rh8 26. Kf1 Bc8 27. Ke2 Qb6 28. Bg4
Nxd4+ 29. Qxd4 Rxg4 30. Qxg4 Qxc5 31. Qg5+ Ke8 32. Qd2 Rh2 33. Kd1 Rxf2 34. Re2
Rxe2 35. Qxe2 Qd4+ 36. Qd2 Qxb2 37. Rc1 Qxe5 38. Qh2 Qd4+ 39. Ke1 Qe3+ 40. Kd1
Ba6 41. c4 Bxc4 42. Rxc4 Qd3+ 43. Ke1 Qxc4 44. Qh8+ Ke7 45. Qb8 Qc1+ 46. Ke2
Qc4+ 47. Kf3 Qe4+ 48. Kf2 Kf6 49. Qd8+ Kf5 50. Qg8 Qd4+ 51. Kf3 Qg4+ 52. Kf2 Ke4
53. Qh7+ 0-1

[Event "London Classic FIDE Open"]
[Site "London ENG"]
[Date "2011.12.04"]
[Round "2"]
[White "McCarthy, Damian"]
[Black "Rogers, Tim L"]
[Result "1-0"]
[WhiteElo "1882"]
[BlackElo "2061"]
[WhiteFideId "422240"]
[BlackFideId "418137"]
[EventDate "2011.12.03"]

1. d4 d5 2. c4 e6 3. Nc3 Be7 4. Nf3 Nf6 5. cxd5 exd5 6. Bf4 c6 7. e3 Bf5 8. Bd3
Bxd3 9. Qxd3 O-O 10. O-O Re8 11. Rab1 a5 12. a3 Ne4 13. Nxe4 dxe4 14. Qxe4 Bxa3
15. Qc2 Be7 16. Qb3 Bb4 17. Ne5 Qe7 18. Nd3 Nd7 19. Nxb4 Qxb4 20. Qxb4 axb4 21.
Bd6 b3 22. Rfc1 Nf6 23. Bb4 Ra4 24. Be1 Nd5 25. Kf1 f5 26. Bd2 Kf7 27. Ra1 Rea8
28. Rab1 Ke6 29. Ke2 Kd6 30. Be1 b6 31. Bd2 g6 32. Be1 Re8 33. Kd3 c5 34. dxc5+
bxc5 35. Rc4 Nb6 36. Rxa4 Nxa4 37. Kc4 Rb8 38. Bc3 Kc6 39. Ra1 Nxc3 40. Kxc3 Rd8
41. Ra7 c4 42. Rxh7 Kb5 43. Rb7+ Kc6 44. Rb4 Rd3+ 45. Kxc4 Rd2 46. Kxb3 Rxf2 47.
Rc4+ Kb5 48. Rc2 Rf1 49. Kc3 g5 50. Kd4 f4 51. exf4 Rxf4+ 52. Ke5 Kb4 53. g3 Rf3
54. Ke4 g4 55. Rd2 Kc5 56. Rg2 Rf1 57. Ke3 Rf3+ 58. Ke2 Rb3 59. Kf1 Kd4 60. Rf2
Ke3 61. Rc2 Rb4 62. Kg2 Kd3 63. Rf2 Ke3 64. Kg1 Rb8 65. Rf4 Rxb2 66. Rxg4 Ra2
67. Rf4 Rb2 68. Rf6 Ra2 69. h4 Rb2 70. h5 Rb5 71. g4 Rb4 72. Rg6 Kf4 73. Kg2 Rb3
74. h6 Rb2+ 75. Kh3 Rb1 76. g5 Rh1+ 77. Kg2 Ra1 78. Rg7 Ra2+ 79. Kh3 Ra3+ 80.
Kh4 Kf5 81. h7 Ra4+ 82. Kh5 Ra1 83. Rf7+ Ke6 84. Kg6 Ra8 85. Kg7 Rb8 86. Rf6+ 1-0

[Event "London Classic FIDE Open"]
[Site "London ENG"]
[Date "2011.12.04"]
[Round "2"]
[White "Jones, Steven A"]
[Black "Kluger, Carsten"]
[Result "1-0"]
[WhiteElo "1878"]
[BlackElo "2060"]
[WhiteFideId "419630"]
[BlackFideId "4680855"]
[EventDate "2011.12.03"]

1. e4 g6 2. d4 d6 3. Nc3 c6 4. Nf3 Bg7 5. h3 Nd7 6. a4 h6 7. Be3 e5 8. Bc4 Ngf6
9. dxe5 dxe5 10. Qd2 Qe7 11. Rd1 b6 12. Nh2 Bb7 13. Ng4 g5 14. O-O Nxg4 15. hxg4
Bf6 16. Qd6 h5 17. gxh5 Rxh5 18. f3 Rh7 19. Qd2 Rd8 20. Qf2 Qf8 21. Qg3 Qh6 22.
Kf2 Qh4 23. Ne2 Bc8 24. Rd6 g4 25. fxg4 Nb8 26. Rxd8+ Bxd8 27. g5 Qxg3+ 28. Nxg3
Ba6 29. Bxa6 Nxa6 30. Kg1 Nb4 31. c3 Nd3 32. b3 Nf4 33. Bxf4 exf4 34. Rxf4 Bxg5
35. Rf3 Be7 36. Nf5 Bc5+ 37. Nd4 a5 38. g3 b5 39. axb5 cxb5 40. Rf5 Bxd4+ 41.
cxd4 a4 42. Rxb5 axb3 43. Rxb3 Ke7 44. Kg2 Rh8 45. Kf3 Rh1 46. Kf4 Ra1 47. g4
Rf1+ 48. Rf3 Ra1 49. g5 Rg1 50. Rg3 Rf1+ 51. Ke5 Rh1 52. Ra3 Rg1 53. Kf4 Rf1+
54. Rf3 Ra1 55. d5 Kd6 56. Kf5 Re1 57. Rf4 Ke7 58. e5 Re2 59. d6+ Kd7 60. Kf6
Re1 61. Rf5 Ke8 62. d7+ Kxd7 63. Kxf7 1-0